000 01576nam a2200229Ia 4500
003 OSt
005 20211025161948.0
008 210310s1992 cl ad fr 000 0 spa d
040 _aCO-JMCR
_cCO-JMCR
041 0 _aspa
082 0 4 _a338.9 /
_bC733e
_223
110 2 _aComisión Económica para América Latina y el Caribe CEPAL
_92893
245 1 0 _aEquidad y transformación productiva :
_bun enfoque integrado /
_cComisión Económica para América Latina y el Caribe
260 _aSantiago de Chile :
_bCepal : Naciones Unidas,
_c1992
300 _a252 páginas :
_bilustraciones y gráficas a blanco y negro ;
_c27 cm.
500 _aIncluye notas a pie de página.
505 0 _aUna sola tarea: el enfoque integrado -- Ejes centrales del enfoque integrado -- Dos características básicas del planteamiento -- Principales aspectos de las políticas para el enfoque integrado -- Factores que condicionan en enfoque integrado -- La tarea es factible -- Los rezagos en materia de equidad -- El panorama internacional -- La estabilización económica -- Fortalecimiento de las finanzas públicas -- Progreso técnico y competitividad internacional -- Ingreso y productividad del trabajo -- Ahorro y productividad del capital -- La inversión en recursos humanos -- Seguridad social y políticas de transferencias -- Participación, transformación productiva y equidad
650 1 4 _aDesarrollo económico y social
_917809
_zAmérica Latina
651 2 _aAmérica Latina
_xPolítica económica
_936232
651 2 _aAmérica Latina
_xPolítica social
_97494
942 _2ddc
_cBK
999 _c8621
_d8621